01245nam a22002177a 4500952011200000999001700112005001700129008004100146020001500187050001900202100003200221245016200253260004700415300001800462500003300480504006000513505030500573519008400878650005300962942001201015 00102lcc4070a20b20d2015-03-02l2oBF698.8R5 O53p20 002410r2024-04-11s2019-07-15t1w2015-03-02yLB c95979d9597920231102151809.0150302b1982 ag ||||| |||| 00| 0 spa d a9500000296 aBF698.8R5bO53 aOñativia, Oscar V.eautor aManual práctico de Rorschach b : nueva escala ENI para la determinación de histogramas normativas y el estudio de grupos humanosc / Oscar V. Oñativia aArgentinab : Editorial Guadalupec , 1982 a336 páginas aIncluye índice y prefacio  aBibliografía Fundamental sobre Rorschach (pp.335-336) aAnalisis y clasificación de las respuestas Los determinantes Analisis de las respuestas segun contenido Las propuestas populares y originales Modelos de interpretación de los datos Fundamentación teorica de la escala ENI Escala ENI Ejemplos Grupo A Grupo B Grupo C Validación de la escala ENI aMaterial Complemetario /bPsicología /cPsicometría II (P07) /d(20 002410) 0aPRUEBA RORSCHACHvPSICOLOGÍA - CONDUCTA HUMANA cLB2lcc